00785nam a2200193 a 450000100100000000500170001000800410002702000150006804000250008308200100010810000280011824500880014626000620023430000270029659000250032395201100034895201160045899900170057400004649520201002052918.0150820s2000 dr a 000 spa d a8495193035 aDO-SdBNPbspacBNPHU bE651e aEspinal, Ismenia974491 0aEspañol :bteoria y práctica /cIsmenia Espinal, Lucia Estevez, Carlos Pérez. aSanto Domingo :bUniversidad Abierta Para Adultos,c2000. a143 p. :bil ;c28 cm. aInventariado,2018/DG 0010718PDaPDbPDcHDd2015-08-20iLF1l0o E651ep46495-10r2020-06-25w2020-06-25yLFPDZNo se presta 0010718PDaPDbPDcHDd2018-09-10iLF1l0o E651ep46495-20r2020-06-25te. 2w2020-06-25yLFPDZNo se presta c45984d45984